000 00959nam a22002297c 4500
001 000030524
003 RuMoIPM
005 20260507125122.0
008 220525s1965 ru ||||| |||| 00| 0 rus d
035 _a(RuMoBEN) 001640344
040 _aRuMoBEN
_brus
_ercr
041 _arus
044 _aru
080 _a51(470-25)(079)(06)
245 _aСборник задач московских математических олимпиад :
_bпособие для внеклассной работы по математике
_cсост., авт. указаний и решений А. А. Леман ; под ред. В. Г. Болтянского
260 _aМосква
_bПросвещение
_c1965
300 _a382, [2] с.
_bил., портр., табл.
504 _aБиблиогр.: с. 47-50
700 1 _aЛеман, А. А.
_eсост.
700 1 _aБолтянский, Владимир Григорьевич
_eред.
942 _cBK
999 _c30524
_d30524